| 000 | 00350nam a2200145Ia 4500 | ||
|---|---|---|---|
| 008 | 150201s2014 xx 000 0 und d | ||
| 082 |
_a617.917 _bO14B |
||
| 100 | _aBHALLA, PRAMILLA | ||
| 245 | _aTB. FOR OPERATION ROOM TECHNICIANS | ||
| 250 | _a2ND | ||
| 260 |
_bAHUJA _aDELHI _c2014 |
||
| 300 | _a338 | ||
| 650 | _aO.T. ROOM | ||
| 942 |
_2ddc _cBK _0131 |
||
| 999 |
_c2229 _d2229 |
||